| 000 -LEADER | |
|---|---|
| fixed length control field | 00399nam a22001697a 4500 |
| 005 - DATE AND TIME OF LATEST TRANSACTION | |
| control field | 20180728151957.0 |
| 008 - FIXED-LENGTH DATA ELEMENTS--GENERAL INFORMATION | |
| fixed length control field | 160622b xxu||||| |||| 00| 0 eng d |
| 020 ## - INTERNATIONAL STANDARD BOOK NUMBER | |
| ISBN | 81-86314-12-1 |
| 041 ## - LANGUAGE CODE | |
| Language code of text/sound track or separate title | eng |
| 082 ## - DEWEY DECIMAL CLASSIFICATION NUMBER | |
| Item number | 8871 |
| Classification number | 658.3 |
| 100 ## - MAIN ENTRY--AUTHOR NAME | |
| Personal name | Ghanekar, Dr Mrs Anjali |
| 245 ## - TITLE STATEMENT | |
| Title | Organisational behaviour |
| 260 ## - PUBLICATION, DISTRIBUTION, ETC. (IMPRINT) | |
| Name of publisher | EPH |
| Year of publication | 1998 |
| 300 ## - PHYSICAL DESCRIPTION | |
| Number of Pages | 381p, |
| 650 ## - SUBJECT ADDED ENTRY--TOPICAL TERM | |
| Topical Term | Management |
| 942 ## - ADDED ENTRY ELEMENTS (KOHA) | |
| Koha item type | Books |
| Lost status | Damaged status | Home library | Shelving location | Date acquired | Cost, normal purchase price | Full call number | Accession Number | Koha item type | Collection code | Current library |
|---|---|---|---|---|---|---|---|---|---|---|
| JRU Library | SHELF-75-J | 22/06/2016 | 210.00 | 658.3 | 8871 | Books | ||||
| JRU Library | SHELF-64-G | 22/06/2016 | 210.00 | 658.3 | 8872 | Books | MANAGEMENT | JRU Library | ||
| JRU Library | SHELF-75-J | 22/06/2016 | 210.00 | 658.3 | 8873 | Books | ||||
| JRU Library | SHELF-75-J | 22/06/2016 | 210.00 | 658.3 | 8874 | Books | MANAGEMENT | JRU Library |